Post haste : (Record no. 88954)
[ view plain ]
| 000 -LEADER | |
|---|---|
| fixed length control field | 01082nam a22002777a 4500 |
| 005 - DATE AND TIME OF LATEST TRANSACTION | |
| control field | 20170728104822.0 |
| 010 ## - LCCN (DPL NO) | |
| LC control number | BAC-EN21 ENG-111950 |
| 020 ## - INTERNATIONAL STANDARD BOOK NUMBER | |
| International Standard Book Number | 9789383260973 |
| Terms of availability | 1295.00 |
| 035 ## - SYSTEM CONTROL NUMBER | |
| System control number | EN-95482 |
| 035 ## - SYSTEM CONTROL NUMBER | |
| System control number | B-580693-702 |
| 035 ## - SYSTEM CONTROL NUMBER | |
| System control number | B-667337 |
| 037 ## - SOURCE OF ACQUISITION | |
| Stock number | dpl |
| Source of stock number/acquisition | Aakar/Ven |
| 037 ## - SOURCE OF ACQUISITION | |
| Stock number | DBAD/PUB |
| 082 ## - DEWEY DECIMAL CLASSIFICATION NUMBER | |
| Classification number | 769.56954 |
| 100 ## - MAIN ENTRY--PERSONAL NAME | |
| Personal name | Verghese, B.G. |
| 245 ## - TITLE STATEMENT | |
| Title | Post haste : |
| Statement of responsibility, etc | by B.G. Verghese |
| Remainder of title | quintessential India / |
| 260 ## - PUBLICATION, DISTRIBUTION, ETC. (IMPRINT) | |
| Place of publication, distribution, etc | New Delhi |
| Name of publisher, distributor, etc | Tranquebar Press |
| Date of publication, distribution, etc | 2014 |
| 270 ## - ADDRESS | |
| Address | 93, Ist Floor, Sham Lal Road, Daryaganj |
| City | New Delhi |
| Postal code | 110002 |
| 300 ## - PHYSICAL DESCRIPTION | |
| Extent | ix,372p. : |
| Other physical details | col. ill. |
| Dimensions | 23cm(pbk) |
| 500 ## - GENERAL NOTE | |
| General note | Includes bibliographical references (pages 330-331) and index. |
| 650 ## - SUBJECT ADDED ENTRY--TOPICAL TERM | |
| Topical term or geographic name as entry element | Postage stamps |
| Geographic subdivision | India. |
| 650 ## - SUBJECT ADDED ENTRY--TOPICAL TERM | |
| Topical term or geographic name as entry element | Postage stamps |
| Geographic subdivision | India. |
| General subdivision | History |
| 942 ## - ADDED ENTRY ELEMENTS (KOHA) | |
| Source of classification or shelving scheme | Dewey Decimal Classification |
| Item type | English Books |
| Call number suffix | VER |
| Classification part | 769.56954 |
| Withdrawn status | Lost status | Not for loan | Collection code | Home library | Current library | Date acquired | Source of acquisition | Cost, normal purchase price | Full call number | Barcode | Copy number | Cost, replacement price | Koha item type |
|---|---|---|---|---|---|---|---|---|---|---|---|---|---|
| Non-fiction | Ashok Vihar | Ashok Vihar | 28/07/2017 | BPPD/EN/2014-15/AV/16-17/412/15.2.2017/I-3324/01.03.2017/ 17.3.2017 | 1295.00 | 769.56954 VER | B-667337 | 1 | 1295.00 | English Books | |||
| Non-fiction | Bawana | Bawana | 25/06/2015 | Aakar Books/1-1437/23.12.2014/167/08.12.2014/30.12.2014 | 1295.00 | 769.56954 VER | B-580702 | 1 | 1295.00 | English Books | |||
| Non-fiction | Central Library | Central Library | 25/06/2015 | Aakar Books/1-1437/23.12.2014/167/08.12.2014/30.12.2014 | 1295.00 | 769.56954 VER | B-580693 | 1 | 1295.00 | English Books | |||
| Not For Loan | Non-fiction | D.B.Act.Division | D.B.Act.Division | 28/01/2015 | DBAD/PUB | 1295.00 | 769.56954 VER | EN-95482 | 1 | 1295.00 | English Books | ||
| Non-fiction | Janak Puri | Janak Puri | 25/06/2015 | Aakar Books/1-1437/23.12.2014/167/08.12.2014/30.12.2014 | 1295.00 | 769.56954 VER | B-580698 | 1 | 1295.00 | English Books | |||
| Non-fiction | Karol Bagh | Karol Bagh | 25/06/2015 | Aakar Books/1-1437/23.12.2014/167/08.12.2014/30.12.2014 | 1295.00 | 769.56954 VER | B-580700 | 1 | 1295.00 | English Books | |||
| Non-fiction | Kasturba Gandhi Marg | Kasturba Gandhi Marg | 25/06/2015 | Aakar Books/1-1437/23.12.2014/167/08.12.2014/30.12.2014 | 1295.00 | 769.56954 VER | B-580695 | 1 | 1295.00 | English Books | |||
| Non-fiction | Narela | Narela | 25/06/2015 | Aakar Books/1-1437/23.12.2014/167/08.12.2014/30.12.2014 | 1295.00 | 769.56954 VER | B-580701 | 1 | 1295.00 | English Books | |||
| Non-fiction | Patel Nagar | Patel Nagar | 25/06/2015 | Aakar Books/1-1437/23.12.2014/167/08.12.2014/30.12.2014 | 1295.00 | 769.56954 VER | B-580694 | 1 | 1295.00 | English Books | |||
| Non-fiction | Peshwa Road | Peshwa Road | 25/06/2015 | Aakar Books/1-1437/23.12.2014/167/08.12.2014/30.12.2014 | 1295.00 | 769.56954 VER | B-580696 | 1 | 1295.00 | English Books | |||
| Non-fiction | Sarojini Nagar | Sarojini Nagar | 25/06/2015 | Aakar Books/1-1437/23.12.2014/167/08.12.2014/30.12.2014 | 1295.00 | 769.56954 VER | B-580699 | 1 | 1295.00 | English Books | |||
| Non-fiction | Tri Nagar | Tri Nagar | 25/06/2015 | Aakar Books/1-1437/23.12.2014/167/08.12.2014/30.12.2014 | 1295.00 | 769.56954 VER | B-580697 | 1 | 1295.00 | English Books |
